Memorias de Adriano / (Registro nro. 21758)
[ vista simple ]
| 000 -CABECERA | |
|---|---|
| fixed length control field | 00770nam#a22002535a#4500 |
| 001 - NÚMERO DE CONTROL | |
| control field | 9553 |
| 003 - IDENTIFICADOR DEL NÚMERO DE CONTROL | |
| control field | AR-RoUNC |
| 005 - FECHA Y HORA DE LA ULTIMA TRANSACCIÓN | |
| control field | 20260511203518.0 |
| 008 - ELEMENTOS DE LONGITUD FIJA | |
| fixed length control field | 050906s2001uuuuag gr ||1 fdspa|d |
| 020 ## - ISBN | |
| ISBN | 9789500713900 |
| 040 ## - FUENTE DE CATALOGACIÓN | |
| Agencia de catalogación original | AR-RoUNC |
| Agencia que realiza la modificación | AR-MoUNM |
| 041 ## - CÓDIGO DEL IDIOMA | |
| Código de idioma para texto, pista de sonido o título independiente | spa |
| 082 04 - NÚMERO DE CLASIFICACIÓN DECIMAL DEWEY (C.D.D.) | |
| Número de la edición | 24.11 |
| Número de la Clasificación Decimal de Dewey (C.D.D.) | FR843 |
| Número del ítem | YOU 81 |
| 100 1# - ENTRADA PRINCIPAL - NOMBRE DE PERSONA | |
| Nombre personal | Yourcenar, Marguerite |
| Fechas asociadas con un nombre | 1903-1987., |
| 9 (RLIN) | 25637 |
| 245 10 - MENCIÓN DEL TÍTULO | |
| Título | Memorias de Adriano / |
| Mención de responsabiblidad | Marguerite Yourcenar ; traducción, Julio Cortázar. |
| 250 ## - MENCIÓN DE EDICIÓN | |
| Mención de edición | 28a ed. |
| 260 ## - PUBLICACIÓN, DISTRIBICIÓN, ETC. | |
| Lugar de publicación, distribución, etc. | Buenos Aires : |
| Nombre del editor, distribuidor, etc. | Sudamericana, |
| Fecha de publicación, distribución, etc. | 2001. |
| 300 ## - DESCRIPCIÓN FÍSICA | |
| Extensión | 285 p. : |
| Dimensiones [El subcampo es A para Materiales Mixtos] | 23 cm. |
| 490 0# - MENCIÓN DE SERIE | |
| Mención de Serie | (Narrativas históricas) |
| 650 #7 - ENTRADA SECUNDARIA DE MATERIA - TÉRMINO TEMÁTICO | |
| Término temático o nombre geográfico como elemento de entrada | LITERATURA |
| Subdivisión geográfica | FRANCIA |
| Fuente de la entrada o término | unescot |
| 9 (RLIN) | 3586 |
| 650 #7 - ENTRADA SECUNDARIA DE MATERIA - TÉRMINO TEMÁTICO | |
| Término temático o nombre geográfico como elemento de entrada | NOVELA |
| Fuente de la entrada o término | unescot |
| 9 (RLIN) | 608 |
| 700 1# - ENTRADA SECUNDARIA - NOMBRE DE PERSONA | |
| Nombre de la persona | Cortázar, Julio, |
| Fechas asociadas con un nombre | 1914-1984 |
| 9 (RLIN) | 3570 |
| Término relacionador | tr. |
| 942 ## - ADDED ENTRY ELEMENTS (KOHA) | |
| Source of classification or shelving scheme | Dewey Decimal Classification |
| Item type | Libros |
| Withdrawn status | Lost status | Source of classification or shelving scheme | Damaged status | Not for loan | Home library | Current library | Date acquired | Source of acquisition | Inventory number | Total Checkouts | Full call number | Barcode | Date last seen | Copy number | Price effective from | Koha item type |
|---|---|---|---|---|---|---|---|---|---|---|---|---|---|---|---|---|
| Dewey Decimal Classification | Colección general | Colección general | 11/05/2026 | Donación Lorena Demitrio | 28219 | FR843 YOU 81 | 28219 | 11/05/2026 | Ej. C | 11/05/2026 | Libros |


